000 00640nam a2200253Ia 4500
003 OSt
005 20221007104257.0
006 a|||||r|||| 00| 0
007 ta
008 221006b |||||||| |||| 00| 0 eng d
020 _a8170127785
024 _a15,392
037 _cTextual
040 _aLCO
_cLCO
_beng
041 _2eng
_aeng
082 _aZ2,91, M6
100 _aSimmonds N.E
245 0 _aCentral Issue in Jurisprudence
260 _aNew
_bDelhi Eastern Book Company India
_c1986
300 _a155
650 _aJURISPRUDENCE
942 _hZ2,91, M6
_cTEXL
999 _c1184955
_d1184955